An E-Faculty workload system of the Mariano Marcos State University (Record no. 9670)
[ view plain ]
| 000 -LEADER | |
|---|---|
| fixed length control field | 00624nam a22001697a 4500 |
| 003 - CONTROL NUMBER IDENTIFIER | |
| control field | OSt |
| 005 - DATE AND TIME OF LATEST TRANSACTION | |
| control field | 20171010095505.0 |
| 008 - FIXED-LENGTH DATA ELEMENTS--GENERAL INFORMATION | |
| fixed length control field | 120730t xxu||||| |||| 00| 0 eng d |
| 040 ## - CATALOGING SOURCE | |
| Original cataloging agency | MMSU |
| Transcribing agency | ULS |
| 100 ## - MAIN ENTRY--PERSONAL NAME | |
| Personal name | Enriquez, Paul Vincent C., Gumaman, Deomar M. |
| 9 (RLIN) | 11647 |
| 245 ## - TITLE STATEMENT | |
| Title | An E-Faculty workload system of the Mariano Marcos State University |
| Statement of responsibility, etc. | Paul Vincent C. Enriquez, Deomar M. Gumaman |
| 260 ## - PUBLICATION, DISTRIBUTION, ETC. | |
| Date of publication, distribution, etc. | 2008 |
| 300 ## - PHYSICAL DESCRIPTION | |
| Extent | xi, [107] leaves |
| Dimensions | 28 cm. |
| 500 ## - GENERAL NOTE | |
| General note | Thesis (BS Computer Science) -- Mariano Marcos State University-College of Arts & Sciences, Batac City |
| 504 ## - BIBLIOGRAPHY, ETC. NOTE | |
| Bibliography, etc. note | Bibliography: leaf 47 |
| 942 ## - ADDED ENTRY ELEMENTS (KOHA) | |
| Source of classification or shelving scheme | |
| Koha item type | Thesis/Dissertation |
| Withdrawn status | Lost status | Source of classification or shelving scheme | Damaged status | Not for loan | Home library | Current library | Date acquired | Total Checkouts | Barcode | Date last seen | Price effective from | Koha item type | Public note |
|---|---|---|---|---|---|---|---|---|---|---|---|---|---|
| REF | REF | 07/30/2012 | 3493-Un | 10/10/2017 | 10/10/2017 | Thesis/Dissertation | Library Use only |